Taylor Swift - Speak Now (Taylor‘s Version) - Statistiken

Allgemein
  • Dieses Quiz wurde 217 mal gespielt
  • Das Durchschnittsergebnis liegt bei 16 aus 22
Antwortstatistiken
Nein Track % Korrekt
4 Speak Now
96%
9 Enchanted
88%
2 Sparks Fly
85%
1 Mine
82%
10 Better Than Revenge
81%
5 Dear John
80%
3 Back To December
79%
14 Long Live
79%
6 Mean
78%
12 Haunted
76%
18 When Emma Falls In Love
75%
20 Castles Crumbling
70%
19 I Can See You
69%
22 Timeless
68%
17 Electric Touch
66%
13 Last Kiss
62%
16 Superman
58%
15 Ours
55%
7 The Story Of Us
55%
21 Foolish One
54%
11 Innocent
52%
8 Never Grow Up
52%
Keine übereinstimmenden Quizze gefunden
Verteilung der Resultate
Anzahl Personen mit jedem Resultat
Perzentil nach korrekt beantworteten Fragen
Ihre Resultats-Entwicklung
Sie haben dieses Quiz noch nicht gespielt